[Event "AUTO-OPEN-3991"]
[Site "http://www.queenalice.com/game.php?id=1548831"]
[Date "2018.11.10"]
[Round "1"]
[White "Kai30"]
[Black "chessman"]
[Result "1/2-1/2"]
[WhiteElo "2180"]
[BlackElo "1965"]

1. e4 e6 2. d4 d5 3. Nc3 Nf6 4. e5 Nfd7 5. Nf3 a6 6. Bd3 c5 7. dxc5 Bxc5 8. Ng5
Nxe5 9. O-O Nxd3 10. Qxd3 h6 11. Nf3 O-O 12. a3 Nc6 13. b4 Be7 14. Bb2 Bf6 15.
Rab1 Bd7 16. Na4 Na7 17. Nc3 Rc8 18. Rfc1 Nb5 19. Nxb5 Bxb5 20. Qe3 Qe7 21. Bxf6
Qxf6 22. Nd4 e5 23. Nxb5 axb5 24. Qd3 Qc6 25. Rd1 Rfd8 26. Rd2 d4 27. Rbd1 e4
28. Qe2 f5 29. Rxd4 Rxd4 30. Rxd4 Qxc2 31. Qxc2 Rxc2 32. g3 Ra2 33. Rd5 g6 34.
Rxb5 Rxa3 35. Rxb7 g5 1/2-1/2

[Event "AUTO-OPEN-3991"]
[Site "http://www.queenalice.com/game.php?id=1548832"]
[Date "2018.11.10"]
[Round "1"]
[White "chessman"]
[Black "Kai30"]
[Result "0-1"]
[WhiteElo "1973"]
[BlackElo "2174"]

1. e4 c5 2. Nf3 Nc6 3. d4 cxd4 4. Nxd4 Nf6 5. Nc3 e5 6. Ndb5 a6 7. Nd6+ Bxd6 8.
Qxd6 Qe7 9. Qxe7+ Nxe7 10. Bc4 O-O 11. O-O b5 12. Bd3 Bb7 13. h3 d5 14. exd5
Nexd5 15. Nxd5 Bxd5 16. a4 b4 17. b3 a5 18. Bg5 h6 19. Bxf6 gxf6 20. Rad1 Rac8
21. Rfe1 Rc5 22. f3 Kg7 23. Re2 h5 24. Kf2 h4 25. g3 hxg3+ 26. Kxg3 Be6 27. h4
Rc3 28. Rh1 Rd8 29. Rg2 Bxb3 0-1

[Event "Challenge"]
[Site "http://www.queenalice.com/game.php?id=1548882"]
[Date "2018.11.11"]
[Round "-"]
[White "Useless"]
[Black "Kai30"]
[Result "0-1"]
[WhiteElo "1646"]
[BlackElo "2128"]

1. e4 e5 2. Nf3 Nc6 3. Bb5 Nf6 4. Nc3 a6 5. Bxc6 dxc6 6. d3 Bd6 7. d4 Bb4 8.
Nxe5 Nxe4 9. Qf3 Qd5 10. Nxf7 O-O 11. Nh6+ gxh6 12. Qe3 Rxf2 13. Bd2 Bxc3 14.
Bxc3 Bd7 15. Bb4 Bg4 16. Rf1 Re2+ 17. Qxe2 Bxe2 0-1

[Event "Challenge"]
[Site "http://www.queenalice.com/game.php?id=1559806"]
[Date "2019.2.5"]
[Round "-"]
[White "Magogue"]
[Black "Kai30"]
[Result "1-0"]
[WhiteElo "1808"]
[BlackElo "2065"]

1. e4 c5 2. Nf3 Nc6 3. d4 cxd4 4. Nxd4 e5 5. Nxc6 bxc6 6. Bc4 Nf6 7. Bg5 Be7 8.
Bd3 Qb6 9. b3 O-O 10. Be3 Qb4+ 11. c3 Qb7 12. O-O d5 13. exd5 e4 14. dxc6 Qxc6
15. Bc4 Ng4 16. Bd5 Qc7 17. g3 Nxe3 18. fxe3 Bb7 19. Bxb7 Qxb7 20. Qg4 1-0

[Event "AUTO-INT-3377"]
[Site "http://www.queenalice.com/game.php?id=1562211"]
[Date "2019.2.25"]
[Round "2"]
[White "swayne"]
[Black "Kai30"]
[Result "1-0"]
[WhiteElo "1948"]
[BlackElo "2151"]

1. Nf3 Nf6 2. c4 c5 3. d4 cxd4 4. Nxd4 e5 5. Nf3 Bb4+ 6. Bd2 Bxd2+ 7. Qxd2 Nc6
8. e4 Nxe4 9. Qe3 Qa5+ 10. Nbd2 Nxd2 11. Nxd2 O-O 12. Bd3 Nb4 13. O-O d6 14. Be4
f5 15. a3 fxe4 16. axb4 Qxb4 17. b3 Bf5 18. Nxe4 Bxe4 19. Qxe4 Qxb3 20. Qd5+ Kh8
21. Qxd6 Qxc4 22. Rxa7 Qe4 23. Ra5 Rfe8 24. Rb5 Rad8 25. Qc7 Rb8 26. Rfb1 Rec8
27. Qd6 Re8 28. Qb4 Qxb4 29. R1xb4 Re6 30. Kf1 b6 31. f3 Kg8 32. Kf2 Kf7 33. Ke3
1-0

[Event "AUTO-INT-3377"]
[Site "http://www.queenalice.com/game.php?id=1562212"]
[Date "2019.2.25"]
[Round "2"]
[White "Kai30"]
[Black "swayne"]
[Result "0-1"]
[WhiteElo "2184"]
[BlackElo "1922"]

1. c4 g6 2. Nc3 Bg7 3. d4 Nf6 4. e4 O-O 5. Nf3 d6 6. h3 Nbd7 7. Bd3 e5 8. d5 c6
9. Bg5 cxd5 10. cxd5 h6 11. Bxf6 Nxf6 12. O-O Bd7 13. a4 Nh5 14. Ne2 Qf6 15. b3
Bxh3 16. gxh3 Qxf3 17. Qc2 Qxh3 18. Qc7 Rac8 19. Qxd6 Qxd3 20. Rfe1 Rc2 21. Nc1
Qf3 22. Rf1 Nf4 23. Kh2 Qg2# 0-1

[Event "AUTO-INT-3377"]
[Site "http://www.queenalice.com/game.php?id=1562215"]
[Date "2019.2.25"]
[Round "2"]
[White "Kai30"]
[Black "byyonico"]
[Result "1-0"]
[WhiteElo "2149"]
[BlackElo "1652"]

1. e4 c5 2. Nf3 d6 3. c3 Nc6 4. d4 cxd4 5. cxd4 a6 6. Be2 Nf6 7. Nc3 e6 8. Bg5
Be7 9. O-O O-O 10. a3 Qb6 11. e5 dxe5 12. dxe5 Nd7 13. Bf4 Qxb2 14. Ne4 Ndxe5
15. Nxe5 Nxe5 16. Rb1 Qxa3 17. Bxe5 Rd8 18. Qc2 Qa5 19. Bc7 Qd5 20. Bxd8 Bxd8
21. Bd3 b5 22. Ng3 g6 23. Be4 Qc4 24. Qxc4 bxc4 25. Bxa8 c3 26. Rb8 Ba5 27.
Rxc8+ Kg7 28. Ra1 Bb4 29. Rxa6 h5 30. Ne4 f5 31. Nxc3 Kh6 32. Rxe6 Kg5 33. Nd5
Bd2 34. Rg8 Kh6 35. Rgxg6+ Kh7 36. f4 Bc1 37. Rh6+ Kg7 38. Rxh5 Ba3 39. Rxf5 Bf8
40. Rg5+ Kf7 41. Rf6+ Ke8 42. Rg8 Kd7 43. Bc6+ 1-0

[Event "AUTO-INT-3377"]
[Site "http://www.queenalice.com/game.php?id=1562216"]
[Date "2019.2.25"]
[Round "2"]
[White "byyonico"]
[Black "Kai30"]
[Result "1-0"]
[WhiteElo "1636"]
[BlackElo "2129"]

1. e4 e5 2. Nf3 Nf6 3. Qe2 Nc6 4. c3 Be7 5. Qb5 a6 6. Qa4 b5 7. Qb3 O-O 8. Be2
Bb7 9. d3 d5 10. exd5 Nxd5 11. Be3 Nxe3 12. fxe3 Na5 13. Qc2 c5 14. O-O Qc7 15.
Nbd2 Rfe8 16. e4 Nc6 17. a3 Nd8 18. Rf2 Ne6 19. Raf1 Rf8 20. Qb3 Ng5 21. c4
Nxf3+ 22. Bxf3 Bg5 23. Bg4 Be3 24. Qc3 Bxf2+ 25. Rxf2 Qe7 26. Nf3 Bc8 27. Bxc8
Raxc8 28. Nxe5 b4 29. axb4 cxb4 30. Qd4 Rfd8 31. Qb6 Qxe5 32. Rd2 a5 33. g3 Qg5
34. Rd1 Rxc4 35. b3 Rcc8 36. Kg2 Rc2+ 37. Kh1 h6 38. Re1 Rxd3 39. e5 Rxg3 40.
hxg3 1-0

[Event "AUTO-OPEN-3985"]
[Site "http://www.queenalice.com/game.php?id=1566338"]
[Date "2019.4.2"]
[Round "2"]
[White "Kai30"]
[Black "josekasparov"]
[Result "0-1"]
[WhiteElo "2131"]
[BlackElo "2459"]

1. e4 c5 2. Nf3 d6 3. Bc4 Nf6 4. d3 Nc6 5. O-O g6 6. Nc3 Bg7 7. h3 O-O 8. a3 a6
9. Be3 b5 10. Ba2 Bb7 0-1

[Event "AUTO-OPEN-3985"]
[Site "http://www.queenalice.com/game.php?id=1566345"]
[Date "2019.4.2"]
[Round "2"]
[White "Kai30"]
[Black "Gera"]
[Result "0-1"]
[WhiteElo "2106"]
[BlackElo "2040"]

1. e4 e5 2. Nf3 d6 3. d4 exd4 4. Nxd4 Be7 5. Nc3 Nf6 6. Be2 O-O 7. O-O Bd7 8.
Be3 Nc6 9. h3 Ne5 10. a3 c6 11. b3 Qc7 12. Bg5 Rad8 13. Rc1 Rfe8 14. f4 Ng6 15.
f5 Ne5 16. b4 h6 0-1

[Event "AUTO-OPEN-3985"]
[Site "http://www.queenalice.com/game.php?id=1566346"]
[Date "2019.4.2"]
[Round "2"]
[White "Gera"]
[Black "Kai30"]
[Result "1-0"]
[WhiteElo "2081"]
[BlackElo "2081"]

1. d4 d5 2. c4 c5 3. dxc5 Qa5+ 4. Nc3 dxc4 5. e4 Qxc5 6. Nf3 Nf6 7. h3 e6 8. Qc2
Nc6 9. a3 Be7 10. Be3 Qd6 11. Bxc4 O-O 12. O-O a6 13. b4 Ne5 14. Nxe5 Qxe5 15.
f4 Qc7 16. Bd3 Bd7 17. Rac1 e5 18. Qb1 Qd8 19. Rfd1 Qc8 20. Nd5 Qb8 21. Nxe7+
Kh8 22. b5 1-0